000 00347 a2200169 4500
001 188176
020 _a
040 _cMagnum
100 _aOrthof, Sylvia
240 1 0 _aFada fofa, onça-fada
_lpor
245 1 0 _aFada fofa, onça-fada
300 _a32
362 0 _a1998
440 1 _aEdiouro
697 _aLITERATURA INFANTO
942 _cBK
999 _c188176
_d188176